MARC details
| 000 -LEADER |
| fixed length control field |
04081nam a2200445Ia 4500 |
| 001 - CONTROL NUMBER |
| control field |
bslw08837853 |
| 003 - CONTROL NUMBER IDENTIFIER |
| control field |
UtOrBLW |
| 005 - DATE AND TIME OF LATEST TRANSACTION |
| control field |
20210303085156.0 |
| 006 - FIXED-LENGTH DATA ELEMENTS--ADDITIONAL MATERIAL CHARACTERISTICS |
| fixed length control field |
m d |
| 007 - PHYSICAL DESCRIPTION FIXED FIELD--GENERAL INFORMATION |
| fixed length control field |
cr un||||||||| |
| 008 - FIXED-LENGTH DATA ELEMENTS--GENERAL INFORMATION |
| fixed length control field |
121001s2012 enka o 000 0 eng d |
| 020 ## - INTERNATIONAL STANDARD BOOK NUMBER |
| International Standard Book Number |
9781780529790 (electronic bk.) : |
| Terms of availability |
62.95 ; 89.95 ; 114.95 |
| 040 ## - CATALOGING SOURCE |
| Original cataloging agency |
UtOrBLW |
| Transcribing agency |
UtOrBLW |
| 050 #4 - LIBRARY OF CONGRESS CALL NUMBER |
| Classification number |
HQ519 |
| Item number |
.E26 2012 |
| 072 #7 - SUBJECT CATEGORY CODE |
| Subject category code |
JHBK |
| Source |
bicssc |
| 072 #7 - SUBJECT CATEGORY CODE |
| Subject category code |
KCA |
| Source |
bicssc |
| 072 #7 - SUBJECT CATEGORY CODE |
| Subject category code |
SOC026000 |
| Source |
bisacsh |
| 072 #7 - SUBJECT CATEGORY CODE |
| Subject category code |
SOC026010 |
| Source |
bisacsh |
| 072 #7 - SUBJECT CATEGORY CODE |
| Subject category code |
FAM000000 |
| Source |
bisacsh |
| 080 ## - UNIVERSAL DECIMAL CLASSIFICATION NUMBER |
| Universal Decimal Classification number |
316.36 |
| 082 04 - DEWEY DECIMAL CLASSIFICATION NUMBER |
| Classification number |
306.85 |
| Edition number |
23 |
| 245 00 - TITLE STATEMENT |
| Title |
Economic stress and the family |
| Medium |
[electronic resource] / |
| Statement of responsibility, etc. |
edited by Sampson Lee Blair. |
| 260 ## - PUBLICATION, DISTRIBUTION, ETC. |
| Place of publication, distribution, etc. |
Bingley, U.K. : |
| Name of publisher, distributor, etc. |
Emerald, |
| Date of publication, distribution, etc. |
2012. |
| 300 ## - PHYSICAL DESCRIPTION |
| Extent |
1 online resource (xi, 323 p.) : |
| Other physical details |
ill. |
| 490 1# - SERIES STATEMENT |
| Series statement |
Contemporary perspectives in family research, |
| International Standard Serial Number |
1530-3535 ; |
| Volume/sequential designation |
v. 6 |
| 505 0# - FORMATTED CONTENTS NOTE |
| Formatted contents note |
Over the long haul : the persistent economic consequences of single motherhood / Matthew McKeever, Nicholas H. Wolfinger -- The impact of a fragile economy on the well-being of Michiganians and their families / Maryhelen D. MacInnes, Clifford Broman -- Economic hardship and marital quality in Croatia / Josip Obradovic, Mira Cudina -- Struggling to pay the bills : using mixed-methods to understand families' financial stress and child care costs / Deana Grobe, Roberta B. Weber, Elizabeth E. Davis, Ellen K. Scott -- Parental discipline and parents' desire for children's school success / Rachel Pasternak -- Reconstructing work and domestic spheres during the transition to parenthood / Leslie Stanley-Stevens -- The impact of the great recession on mothers' employment / Liana Christin Landivar -- The role of financial resources and agency in success and satisfaction regarding developmental tasks in early adulthood / Mette Ranta, Raija-Leena Punamäki, Asko Tolvanen, Katariina Salmela-Aro -- The division of housework among working couples : distinguishing characteristics of egalitarian couples / Jema K. Turk -- Queuing theory and the distribution of resources by low-income fathers / Monika J.U. Myers -- Family financial stress and adolescent substance use : an examination of structural and psychosocial factors / Melissa A. Menasco. |
| 520 ## - SUMMARY, ETC. |
| Summary, etc. |
In the fall of 2008, a global recession struck, leaving many families in dire financial situations. Families around the world found themselves experiencing forms of economic stress unlike any which had been seen in recent generations. This volume focuses on how families and family members have been affected by economic and financial stress. Using a variety of methodological and theoretical perspectives, the family scholars in this volume examine the various ways in which families have been affected, how they have coped, and how they have adapted in the face of financial stress. Through research studies from around the world, it provides a comprehensive examination of how economic stress and financial difficulties affect family structures, family behaviours, and family relationships. Topics covered include: the persistent economic consequences of single motherhood; financial stress and child care subsidies; the American family 2012; migration and family; parental discipline style and academic achievement; economic stress and marital quality; family financial stress and adolescent substance use; and poverty and family well-being. |
| 588 0# - SOURCE OF DESCRIPTION NOTE |
| Source of description note |
Print version record |
| 650 #7 - SUBJECT ADDED ENTRY--TOPICAL TERM |
| Topical term or geographic name entry element |
Social Science |
| General subdivision |
Sociology |
| -- |
General. |
| Source of heading or term |
bisacsh |
| 650 #7 - SUBJECT ADDED ENTRY--TOPICAL TERM |
| Topical term or geographic name entry element |
Social Science |
| General subdivision |
Sociology |
| -- |
Marriage & Family. |
| Source of heading or term |
bisacsh |
| 650 #7 - SUBJECT ADDED ENTRY--TOPICAL TERM |
| Topical term or geographic name entry element |
FAMILY & RELATIONSHIPS |
| General subdivision |
General. |
| Source of heading or term |
bisacsh |
| 650 #7 - SUBJECT ADDED ENTRY--TOPICAL TERM |
| Topical term or geographic name entry element |
Sociology: family & relationships. |
| Source of heading or term |
bicssc |
| 650 #7 - SUBJECT ADDED ENTRY--TOPICAL TERM |
| Topical term or geographic name entry element |
Economic theory & philosophy. |
| Source of heading or term |
bicssc |
| 650 #0 - SUBJECT ADDED ENTRY--TOPICAL TERM |
| Topical term or geographic name entry element |
Families |
| General subdivision |
Economic aspects. |
| 650 #0 - SUBJECT ADDED ENTRY--TOPICAL TERM |
| Topical term or geographic name entry element |
Global Financial Crisis, 2008-2009 |
| General subdivision |
Social aspects. |
| 700 1# - ADDED ENTRY--PERSONAL NAME |
| Personal name |
Blair, Sampson Lee. |
| 776 1# - ADDITIONAL PHYSICAL FORM ENTRY |
| International Standard Book Number |
9781780529783 |
| 830 #0 - SERIES ADDED ENTRY--UNIFORM TITLE |
| Uniform title |
Contemporary perspectives in family research ; |
| Volume/sequential designation |
v. 6. |
| 856 40 - ELECTRONIC LOCATION AND ACCESS |
| Uniform Resource Identifier |
<a href="https://www.emerald.com/insight/publication/doi/10.1108/S1530-3535(2012)6">https://www.emerald.com/insight/publication/doi/10.1108/S1530-3535(2012)6</a> |